Online
Catalog

Política exterior para una nueva era / (Record no. 25373)

MARC details
000 -CABECERA
campo de control de longitud fija 00786nam a2200217 a 4500
001 - NÚMERO DE CONTROL
campo de control 000025881
005 - FECHA Y HORA DE LA ÚLTIMA TRANSACCIÓN
campo de control 20200930024125.0
008 - DATOS DE LONGITUD FIJA--INFORMACIÓN GENERAL
campo de control de longitud fija 110223s1979 ag r 000 0 spa d
040 ## - FUENTE DE LA CATALOGACIÓN
Centro catalogador/agencia de origen DO-SdBNP
Lengua de catalogación spa
Centro/agencia transcriptor BNPHU
082 ## - NÚMERO DE LA CLASIFICACIÓN DECIMAL DEWEY
Número de clasificación NNN
Número de documento/Ítem W515p
049 ## - FONDOS LOCALES (OCLC)
Fondos de biblioteca BNGR
100 1# - ENTRADA PRINCIPAL--NOMBRE DE PERSONA
Nombre de persona Wesson, Robert G.
9 (RLIN) 52737
240 10 - TÍTULO UNIFORME
Título uniforme Foreign policy for a new age.
Lenguaje de la obra Español.
245 10 - MENCIÓN DE TÍTULO
Título Política exterior para una nueva era /
Mención de responsabilidad, etc. Robert G. Wesson ; traducción de Rubén Masera ; prólogo Eduardo A. Roca.
260 ## - PUBLICACIÓN, DISTRIBUCIÓN, ETC.
Lugar de publicación, distribución, etc. Buenos Aires, (Argentina) :
Nombre del editor, distribuidor, etc. Ediciones Troquel,
Fecha de publicación, distribución, etc. 1979.
300 ## - DESCRIPCIÓN FÍSICA
Extensión 448, [6] p. :
Otras características físicas il., ;
Dimensiones 22 cm.
504 ## - NOTA DE BIBLIOGRAFÍA, ETC.
Nota de bibliografía, etc. Incluye bibliografía
534 ## - NOTA SOBRE LA VERSIÓN ORIGINAL
Encabezamiento principal del original Título original:
Mención de título del original Foreign policy for a new age.
700 1# - PUNTO DE ACCESO ADICIONAL--NOMBRE DE PERSONA
Nombre de persona Roca, Eduardo A.
Término indicativo de función/relación pról.
9 (RLIN) 52738
700 1# - PUNTO DE ACCESO ADICIONAL--NOMBRE DE PERSONA
Nombre de persona Masera, Rubén
Término indicativo de función/relación tr.
9 (RLIN) 44590
Holdings
Estado de retiro Estado de pérdida Restricciones de uso No para préstamo Código de colección Localización permanente Ubicación/localización actual Ubicación en estantería Fecha de adquisición Número de inventario Total de préstamos Signatura topográfica completa Código de barras Fecha visto por última vez Precio válido a partir de Tipo de ítem Koha
        Monografías: Libros y Folletos General General En catalogación 23.02.2011 LF1   NNN W515p 25881-10 25.06.2020 25.06.2020 Préstamo en sala

Powered by Koha